| 000 | 00868cam a2200241 4500 | ||
|---|---|---|---|
| 008 | |||
| 020 | _a0080164366 (hbk.) | ||
| 049 | _aMAIN | ||
| 090 | _aTK1191 CEN | ||
| 110 | 2 | _aCentral Electricity Generating Board. | |
| 245 | 1 | 0 | _aModern power station practice. |
| 250 | _a2d rev. and enl. ed. | ||
| 260 |
_aOxford, _aNew York, _bPergamon Press _c[1971- |
||
| 300 |
_av. _billus., maps. _c26 cm. |
||
| 504 | _aIncludes bibliographies. | ||
| 505 | 1 | _av. 1. Planning and layout. --v. 4. Electrical (Generator and electrical plant).--v. 5. Chemistry and metallurgy.--v. 6. Instrumentation, controls and testing.--v. 8. Nuclear power generation. | |
| 650 | 0 | _aElectric power-plants. | |
| 907 |
_a.b10216534 _b09-10-06 _c06-10-06 |
||
| 003 | |||
| 005 | 20230123134254.0 | ||
| 040 | _cNUST | ||
| 942 |
_cBOOKS _kTK1191 CEN |
||
| 999 |
_c163023 _d163023 |
||